Loading...
History - American History | 2 | 5 | 0 | 0 | 80 | 44 | 80.43 | 2 | 7 |
History - World History | 1 | 5 | 1 | 3 | 60 | 36 | 95.33 | 2 | 6 |
Thought - Philosophy | 0 | 5 | 0 | 1 | 50 | 77 | 107.00 | 0 | 5 |
History - Other History | 0 | 5 | 1 | 3 | 45 | 92 | 121.40 | 3 | 5 |
History - Euro History | 0 | 4 | 2 | 1 | 30 | 77 | 104.00 | 2 | 4 |
Arts - Painting | 0 | 3 | 0 | 0 | 30 | 74 | 102.33 | 2 | 3 |
Beliefs - Religion | 0 | 3 | 0 | 0 | 30 | 83 | 92.67 | 1 | 3 |
Literature - American Lit | 0 | 3 | 0 | 1 | 30 | 76 | 112.67 | 1 | 3 |
Arts - Other Arts | 0 | 3 | 2 | 0 | 20 | 65 | 87.33 | 1 | 3 |
Science - Biology | 0 | 2 | 0 | 1 | 20 | 102 | 112.00 | 1 | 2 |
Thought - Social Science | 0 | 2 | 1 | 0 | 15 | 100 | 108.50 | 1 | 2 |
Other - Geo/CE | 0 | 2 | 1 | 0 | 15 | 88 | 92.50 | 0 | 2 |
Science - Other Science | 0 | 1 | 0 | 0 | 10 | 103 | 103.00 | 1 | 1 |
Literature - World Lit | 0 | 1 | 0 | 0 | 10 | 91 | 91.00 | 1 | 1 |
Literature - British Lit | 0 | 1 | 0 | 0 | 10 | 111 | 111.00 | 1 | 1 |
Other - Pop Culture | 0 | 1 | 1 | 0 | 5 | 92 | 92.00 | 1 | 1 |
Other - Other Academic | 0 | 0 | 0 | 0 | 0 | 0.00 | 0 | 0 |